00653nam a2200193Ia 4500008004100000082001700041100001200058245004700070250000800117260002800125300000800153500002400161650001600185700002200201942000700223952010600230952010600336999001700442230524s9999 xx 000 0 und d a621.384bSEN aA.K.Sen 0aRadar Systems and Radio Aids to Navigation a5TH aNEW DELHIbKhannac2004 a546 aQuantity Number: 2 aElectronics a A.B.Bhattacharya cBK 00104070aTATCLbTATCLcGENd2023-05-24l0o621.384 SENp5987r2023-05-24w2023-05-24yBKzCPEC5404 00104070aTATCLbTATCLcGENd2023-05-24l0o621.384 SENp5988r2023-05-24w2023-05-24yBKzCPEC5404 c22916d22916